000
00322nam a22001337a 4500
008
180109b xxu||||| |||| 00| 0 eng d
020
_a
9781582553474
041
_a
eng
080
_a
610.73
100
_a
1
101
_a
INF
245
_a
PEDIATRIC NURSING MADE INCREDIBLY EASY!
_c
SCHILLING,J.A
942
_2
udc
_c
BK
999
_c
39818
_d
39818